书目信息 |
| 题名: |
倾听中国
|
|
| 作者: | 何德功 著 | |
| 分册: | ||
| 出版信息: | 广州 广东人民出版社 1997 |
|
| 页数: | 416页 | |
| 开本: | 20cm | |
| 丛书名: | ||
| 单 册: | ||
| 中图分类: | D820 | |
| 科图分类: | ||
| 主题词: | 中国对外政策--研究 | |
| 电子资源: | ||
| ISBN: | 7-218-02554-4 | |
| 000 | 00680nam0 2200229 450 | |
| 001 | 073000001298 | |
| 005 | 20040204135206.0 | |
| 010 | @a7-218-02554-4@dCNY22.00 | |
| 100 | @a20040204d em y0chiy0120 ea | |
| 101 | 0 | @achi |
| 102 | @aCN@b440000 | |
| 105 | @aa z 000yy | |
| 200 | 1 | @a倾听中国@Aqing ting zhong guo@e新冷战与未来谋略@f何德功等著@Fhe de gong deng zhu |
| 210 | @a广州@c广东人民出版社@d1997 | |
| 215 | @a416页@c照片@d20cm | |
| 517 | 1 | @a新冷战与未来谋略@Axin leng zhan yu wei lai mou lue |
| 606 | @a中国对外政策@x研究 | |
| 690 | @aD820 | |
| 701 | 0 | @a何德功@Ahe de gong@4著 |
| 801 | 0 | @aCN@bCL@c20011127 |
| 905 | @aBZT@dD820@e10 | |
| 906 | @dCNY22.00@n0@r1 | |
| 倾听中国:新冷战与未来谋略/何德功等著.-广州:广东人民出版社,1997 |
| 416页:照片;20cm |
| ISBN 7-218-02554-4:CNY22.00 |
| ● |
| 相关链接 |
|
|
|
正题名:倾听中国
索取号:D820/10
 
预约/预借
| 序号 | 登录号 | 条形码 | 馆藏地/架位号 | 状态 | 备注 |
| 1 | 412306 | 210438445 | 中心书库南/012架A面4层4列/ [索取号:D820/10] | 在馆 | |
| 2 | 412307 | 210438436 | 中心书库南/012架A面4层4列/ [索取号:D820/10] | 在馆 | |
| 3 | 412308 | 210438427 | 中心书库南/012架A面4层4列/ [索取号:D820/10] | 在馆 | |
| 4 | 412309 | 210438454 | 中心书库南/012架A面4层4列/ [索取号:D820/10] | 在馆 | |
| 5 | 412310 | 210438418 | 中心书库南/012架A面4层4列/ [索取号:D820/10] | 在馆 | |
| 6 | 412311 | 210438515 | 中心书库南/012架A面4层4列/ [索取号:D820/10] | 在馆 | |
| 7 | 412312 | 210438481 | 中心书库南/012架A面4层4列/ [索取号:D820/10] | 在馆 | |
| 8 | 412313 | 210438490 | 中心书库南/012架A面4层4列/ [索取号:D820/10] | 在馆 | |
| 9 | 412314 | 210438472 | 中心书库南/012架A面4层4列/ [索取号:D820/10] | 在馆 | |
| 10 | 412315 | 210438463 | 中心书库南/012架A面4层4列/ [索取号:D820/10] | 在馆 |